[Event "XII Weekend C"]
[Site "Gorgonzola ITA"]
[Date "2007.11.17"]
[Round "4"]
[White "Delle Fave, Fabio"]
[Black "Menato, Nazario"]
[Result "1-0"]
[WhiteElo "1748"]
[BlackElo "1535"]
[PlyCount "115"]
[EventDate "2007.11.10"]

1. e4 Nf6 2. Nc3 d6 3. d4 Bg4 4. f3 Bd7 5. Be3 e5 6. d5 Be7 7. Bd3 c6 8. Nge2
cxd5 9. Nxd5 Nxd5 10. exd5 Na6 11. Bxa6 bxa6 12. Qd3 Qa5+ 13. Bd2 Qb6 14. b3 g6
15. c4 Bf5 16. Qe3 Rc8 17. Ng3 Bd7 18. f4 f6 19. fxe5 dxe5 20. Qxb6 axb6 21.
Rc1 a5 22. a4 O-O 23. O-O Bc5+ 24. Kh1 f5 25. Bc3 e4 26. Rcd1 Bd6 27. Ne2 h5
28. g3 Kh7 29. Kg2 Rce8 30. Bd4 Bc5 31. Bc3 e3 32. Bd4 Re4 33. Rf4 Rfe8 34.
Rxe4 Rxe4 35. Bxc5 bxc5 36. Re1 g5 37. Nc3 Re5 38. Kf3 Kg6 39. Rxe3 Kf6 40. Nd1
f4 41. Rxe5 Bg4+ 42. Ke4 Bxd1 43. Re6+ Kf7 44. gxf4 gxf4 45. Rb6 f3 46. Ke3 Ke7
47. Kf2 Kd7 48. Rb5 Kd6 49. Rb6+ Kc7 50. Rc6+ Kd7 51. Rxc5 Bxb3 52. Kxf3 Bxa4
53. Rxa5 Bb3 54. Rc5 Kd6 55. Rc6+ Kd7 56. Kf4 Ba4 57. Rh6 Bd1 58. c5 1-0

[Event "XII Weekend C"]
[Site "Gorgonzola ITA"]
[Date "2007.11.17"]
[Round "4"]
[White "Madaschi, Sergio"]
[Black "Valsecchi, Luca"]
[Result "1/2-1/2"]
[WhiteElo "1632"]
[BlackElo "1652"]
[PlyCount "87"]
[EventDate "2007.11.10"]

1. e4 d6 2. d4 Nf6 3. Nc3 c6 4. f4 Qa5 5. Bd3 e5 6. dxe5 dxe5 7. fxe5 Qxe5 8.
Nf3 Qc7 9. O-O Bc5+ 10. Kh1 O-O 11. Qe2 Bg4 12. Be3 Bxf3 13. Qxf3 Bxe3 14. Qxe3
Qxh2+ 15. Kxh2 Ng4+ 16. Kg3 Nxe3 17. Rf3 f5 18. exf5 Nd5 19. Bc4 Rd8 20. Rd3
Kf8 21. Nxd5 cxd5 22. Bxd5 Nc6 23. Bxc6 Rxd3+ 24. cxd3 bxc6 25. Rc1 Rd8 26. Rc3
Kf7 27. Kf4 Rd6 28. Ke4 g6 29. fxg6+ hxg6 30. d4 Re6+ 31. Kd3 Ke7 32. Ra3 Kd6
33. Rxa7 Rf6 34. Rg7 Kd5 35. a3 Rf2 36. Kc3 Rxg2 37. a4 Rg3+ 38. Kc2 Kxd4 39.
Rb7 Rg5 40. b3 Rg2+ 41. Kb1 Kc3 42. a5 Rg1+ 43. Ka2 Rg2+ 44. Ka1 1/2-1/2

[Event "XII Weekend C"]
[Site "Gorgonzola ITA"]
[Date "2007.11.17"]
[Round "4"]
[White "Magistroni, Imerio"]
[Black "Bianchi, Paolo"]
[Result "1/2-1/2"]
[WhiteElo "1597"]
[BlackElo "1619"]
[PlyCount "55"]
[EventDate "2007.11.10"]

1. d4 Nf6 2. c4 g6 3. Nc3 d5 4. cxd5 Nxd5 5. e4 Nxc3 6. bxc3 Bg7 7. Bc4 O-O 8.
Ne2 c5 9. Be3 e6 10. O-O Nc6 11. f4 cxd4 12. cxd4 Na5 13. Bd3 a6 14. e5 b5 15.
Rc1 Bb7 16. Rc5 Rc8 17. Qc2 Rxc5 18. Qxc5 Qd7 19. Qc3 Qd5 20. Rf2 Nc4 21. Bxc4
Qxc4 22. Qxc4 bxc4 23. Nc3 Bd5 24. Rb2 Ra8 25. Kf2 Bf8 26. Rb6 Be7 27. g3 a5
28. Nxd5 1/2-1/2

[Event "XII Weekend C"]
[Site "Gorgonzola ITA"]
[Date "2007.11.17"]
[Round "4"]
[White "Marchesotti, Giovanni"]
[Black "Robustelli, Davide"]
[Result "1-0"]
[WhiteElo "1668"]
[BlackElo "1532"]
[PlyCount "39"]
[EventDate "2007.11.10"]

1. Nf3 d5 2. g3 c6 3. Bg2 Nf6 4. O-O g6 5. d3 Bf5 6. Nbd2 Bh6 7. Re1 Bxd2 8.
Bxd2 O-O 9. Bc3 Qd6 10. Qd2 Nbd7 11. Nd4 Be6 12. e4 c5 13. Nxe6 fxe6 14. e5 Qc7
15. exf6 d4 16. fxe7 Rf6 17. Ba5 Qd6 18. Bd8 Kf7 19. Qh6 Nf8 20. Qxf8# 1-0

[Event "XII Weekend C"]
[Site "Gorgonzola ITA"]
[Date "2007.11.17"]
[Round "4"]
[White "Nastasi, Maurizio"]
[Black "Brighenti, Alessandro"]
[Result "0-1"]
[WhiteElo "1533"]
[BlackElo "1614"]
[PlyCount "54"]
[EventDate "2007.11.10"]

1. e4 e5 2. Nf3 Nc6 3. d4 exd4 4. Nxd4 Nf6 5. Nxc6 bxc6 6. e5 Qe7 7. Qe2 Nd5 8.
c4 Ba6 9. Qe4 Nb6 10. Nc3 Qe6 11. b3 Bb4 12. Bd2 Bxc3 13. Bxc3 d5 14. cxd5 cxd5
15. Qe3 Bxf1 16. Rxf1 Nd7 17. f4 c5 18. f5 Qe7 19. e6 O-O 20. exf7+ Qxf7 21.
Qg5 Rae8+ 22. Kd2 d4 23. Bb2 Nf6 24. Kd3 Re3+ 25. Kc2 Rfe8 26. Rad1 R8e4 27.
Rf4 h6 0-1

[Event "XII Weekend C"]
[Site "Gorgonzola ITA"]
[Date "2007.11.17"]
[Round "4"]
[White "Riva, Carlo"]
[Black "Crippa, Oscar"]
[Result "1-0"]
[WhiteElo "1571"]
[BlackElo "1727"]
[PlyCount "49"]
[EventDate "2007.11.10"]

1. d4 d5 2. Nf3 Nf6 3. e3 Bg4 4. c4 e6 5. cxd5 Nxd5 6. Be2 c6 7. Qb3 Qc7 8. Nc3
Nf6 9. h3 Bh5 10. Ne5 Bxe2 11. Nxe2 Bd6 12. Nf3 Nbd7 13. Nc3 O-O 14. O-O Rfe8
15. Bd2 Rad8 16. Rad1 Nb6 17. Na4 Nbd7 18. Bb4 Bxb4 19. Qxb4 Nd5 20. Qb3 N5b6
21. Nxb6 Nxb6 22. Ne5 Rd5 23. Rc1 Rb5 24. Qxb5 cxb5 25. Rxc7 1-0

[Event "XII Weekend C"]
[Site "Gorgonzola ITA"]
[Date "2007.11.18"]
[Round "5"]
[White "Brighenti, Alessandro"]
[Black "Magistroni, Imerio"]
[Result "0-1"]
[WhiteElo "1614"]
[BlackElo "1597"]
[PlyCount "110"]
[EventDate "2007.11.10"]

1. e4 e5 2. f4 d5 3. exd5 exf4 4. Nf3 Nf6 5. Bc4 Bd6 6. Qe2+ Qe7 7. Qxe7+ Bxe7
8. O-O O-O 9. Re1 Bd6 10. d4 Bf5 11. Bb3 Nbd7 12. Nc3 a6 13. Ne2 Bg4 14. Bxf4
Rfe8 15. h3 Bxf3 16. gxf3 Nh5 17. Bd2 Re7 18. c4 Rae8 19. Kf2 c6 20. c5 Nxc5
21. dxc5 Bxc5+ 22. Kf1 cxd5 23. a3 Rxe2 24. Rxe2 Ng3+ 25. Kg2 Rxe2+ 26. Kxg3
Bf2+ 27. Kf4 Rxd2 28. Rd1 Rd4+ 29. Rxd4 Bxd4 30. Bxd5 b6 31. b3 Kf8 32. Ke4 Bc5
33. b4 Bd6 34. Bb7 a5 35. bxa5 bxa5 36. a4 Ke7 37. Kd5 Bb4 38. Ke5 Bc3+ 39. Kd5
Kf6 40. Kd6 Kg5 41. Bc8 h5 42. Ke7 f5 43. Ke6 f4 44. Kf7 Kh4 45. Kg6 Kg3 46.
Bb7 h4 47. Kf5 Kxh3 48. Kxf4 Bd2+ 49. Ke4 Kg3 50. Kd3 Bf4 51. Bc8 h3 52. Bxh3
Kxh3 53. Ke4 g5 54. Kf5 Kg3 55. Ke4 Kf2 0-1

[Event "XII Weekend C"]
[Site "Gorgonzola ITA"]
[Date "2007.11.18"]
[Round "5"]
[White "Crippa, Oscar"]
[Black "Calvi, Luca"]
[Result "0-1"]
[WhiteElo "1727"]
[BlackElo "1557"]
[PlyCount "22"]
[EventDate "2007.11.10"]

1. e4 c5 2. d4 cxd4 3. c3 e6 4. Nf3 d5 5. Nxd4 dxe4 6. Qb3 Nf6 7. Be2 Be7 8.
O-O O-O 9. Bf4 a6 10. Rd1 Nbd7 11. Nd2 e5 0-1

[Event "XII Weekend C"]
[Site "Gorgonzola ITA"]
[Date "2007.11.18"]
[Round "5"]
[White "Epitome, Nando"]
[Black "Marchesotti, Giovanni"]
[Result "1-0"]
[WhiteElo "1673"]
[BlackElo "1668"]
[PlyCount "77"]
[EventDate "2007.11.10"]

1. d4 Nf6 2. c4 e6 3. Nc3 Bb4 4. Bd2 c5 5. e3 a6 6. Nf3 O-O 7. Bd3 d5 8. O-O
Nc6 9. a3 Bxc3 10. Bxc3 b6 11. Qc2 h6 12. Rad1 Qe7 13. Rfe1 dxc4 14. Bxc4 b5
15. Be2 Nd5 16. Bd2 c4 17. b3 Qxa3 18. bxc4 bxc4 19. Bxc4 Bb7 20. Rb1 Rfb8 21.
Bxd5 exd5 22. Rxb7 Rxb7 23. Qxc6 Rab8 24. Qxd5 Rb1 25. g3 Qd3 26. Kg2 Rxe1 27.
Bxe1 Qe2 28. Qa5 Rb2 29. Qd8+ Kh7 30. Qe7 Ra2 31. d5 Ra1 32. Qb4 a5 33. Qc3 Ra2
34. d6 Rc2 35. Qxa5 Ra2 36. Qe5 f6 37. Qe7 Ra1 38. d7 Rxe1 39. Nxe1 1-0

[Event "XII Weekend C"]
[Site "Gorgonzola ITA"]
[Date "2007.11.18"]
[Round "5"]
[White "Madaschi, Sergio"]
[Black "Delle Fave, Fabio"]
[Result "1/2-1/2"]
[WhiteElo "1632"]
[BlackElo "1748"]
[PlyCount "94"]
[EventDate "2007.11.10"]

1. e4 c6 2. d4 d5 3. Nc3 dxe4 4. Nxe4 Bf5 5. Ng3 Bg6 6. Nf3 Nd7 7. Bd3 Bxd3 8.
Qxd3 Ngf6 9. O-O e6 10. c4 Be7 11. Bf4 O-O 12. Rad1 Qa5 13. a3 Nh5 14. Nxh5
Qxh5 15. Rfe1 Nf6 16. Re5 Qg6 17. Qxg6 hxg6 18. Re2 Rfd8 19. Bg5 Kf8 20. Red2
Ne4 21. Bxe7+ Kxe7 22. Rd3 Nf6 23. Kf1 Rd6 24. Ke2 Rad8 25. h3 Nh5 26. g3 Nf6
27. Ne5 Nd7 28. c5 Rd5 29. Nc4 b5 30. Nd6 Nb6 31. Nxb5 cxb5 32. cxb6 axb6 33.
Ke3 Rc8 34. Rc3 Rc4 35. Rdd3 Kd6 36. b3 Rxc3 37. Rxc3 e5 38. dxe5+ Rxe5+ 39.
Kd2 Rd5+ 40. Rd3 Rxd3+ 41. Kxd3 Kd5 42. f4 f6 43. g4 f5 44. g5 Kc5 45. Kc3 Kd5
46. Kd3 Kc5 47. Kc3 Kd5 1/2-1/2

[Event "XII Weekend C"]
[Site "Gorgonzola ITA"]
[Date "2007.11.18"]
[Round "5"]
[White "Menato, Nazario"]
[Black "Nastasi, Maurizio"]
[Result "1/2-1/2"]
[WhiteElo "1535"]
[BlackElo "1533"]
[PlyCount "45"]
[EventDate "2007.11.10"]

1. Nf3 Nf6 2. d4 g6 3. c4 Bg7 4. Nc3 d6 5. e4 O-O 6. Be2 e5 7. dxe5 dxe5 8.
Qxd8 Rxd8 9. Nxe5 Nxe4 10. Nxe4 Bxe5 11. O-O Nc6 12. Rb1 Bf5 13. f3 Nd4 14. Bd1
b6 15. b4 Rd7 16. Be3 Rad8 17. Rc1 Kg7 18. a4 Bxe4 19. fxe4 Re8 20. Kh1 Bf6 21.
Bg4 Rde7 22. Bxd4 Bxd4 23. Bf3 1/2-1/2

[Event "XII Weekend C"]
[Site "Gorgonzola ITA"]
[Date "2007.11.18"]
[Round "5"]
[White "Robustelli, Davide"]
[Black "De Angelis, Lorenzo"]
[Result "1-0"]
[WhiteElo "1532"]
[BlackElo "1583"]
[PlyCount "125"]
[EventDate "2007.11.10"]

1. Nf3 f5 2. d4 d5 3. c3 e6 4. Bf4 Nf6 5. h3 c6 6. Qb3 b6 7. e3 Bd6 8. Ne5 O-O
9. Nd2 Nfd7 10. Ndf3 Qc7 11. Nd3 Ba6 12. Bxd6 Qxd6 13. Qc2 Nf6 14. Be2 Nbd7 15.
Nfe5 Qc7 16. Nf4 Bxe2 17. Nxe6 Qd6 18. Nxf8 Nxe5 19. dxe5 Qxe5 20. Qxe2 Kxf8
21. O-O b5 22. a4 a6 23. axb5 cxb5 24. Ra3 Ne4 25. Rfa1 Nc5 26. Qf3 g6 27. Rd1
Ne4 28. Rd4 Qd6 29. g4 Ng5 30. Qxd5 Nxh3+ 31. Kg2 Qxd5+ 32. Rxd5 fxg4 33. Rxb5
Rd8 34. Rxa6 Rd2 35. Rf6+ Kg7 36. Rbb6 Ng5 37. Rf4 Nh3 38. Rff6 Ng5 39. Rfd6
Rc2 40. Rd7+ Kh6 41. Rbb7 Ne4 42. Rxh7+ Kg5 43. Rb5+ Kf6 44. Rh8 Rxf2+ 45. Kg1
Rc2 46. Rf8+ Kg7 47. Rf4 Rc1+ 48. Rf1 Rc2 49. Rb4 Nd2 50. Rf2 Nf3+ 51. Kg2 Ne1+
52. Kg3 Rxf2 53. Kxf2 Nd3+ 54. Kg3 Nxb4 55. cxb4 Kf6 56. Kxg4 Ke5 57. b5 Kd5
58. Kg5 Kc5 59. Kxg6 Kxb5 60. e4 Kc6 61. Kf6 Kd7 62. e5 Ke8 63. b4 1-0

[Event "XII Weekend C"]
[Site "Gorgonzola ITA"]
[Date "2007.11.18"]
[Round "5"]
[White "Valsecchi, Luca"]
[Black "Bianchi, Paolo"]
[Result "1/2-1/2"]
[WhiteElo "1652"]
[BlackElo "1619"]
[PlyCount "103"]
[EventDate "2007.11.10"]

1. c4 g6 2. g3 Bg7 3. Bg2 Nf6 4. Nc3 c6 5. e4 d6 6. Nge2 O-O 7. O-O e5 8. f4
exf4 9. gxf4 Bg4 10. h3 Bh5 11. Qe1 Bxe2 12. Qxe2 Nh5 13. Kh2 Qh4 14. Qg4 Qxg4
15. hxg4 Nxf4 16. Rxf4 Be5 17. d4 Bxf4+ 18. Bxf4 Rd8 19. Rd1 Na6 20. e5 dxe5
21. Bxe5 Re8 22. Ne4 Re6 23. Rf1 Nb4 24. Nf6+ Kf8 25. Nxh7+ Ke8 26. Ng5 Rxe5
27. dxe5 Nd3 28. e6 fxe6 29. Nxe6 Ke7 30. Nf4 Nxb2 31. Nxg6+ Kd6 32. Rc1 Rg8
33. Be4 Kc5 34. Bf5 Re8 35. Nf4 Na4 36. Ne6+ Kd6 37. Rd1+ Ke5 38. Kg3 Nc3 39.
Rd2 Rxe6 40. Bxe6 Ne4+ 41. Kh4 Nxd2 42. Bf7 Kf6 43. Bg8 Ne4 44. Bh7 Ng5 45. Bf5
c5 46. Bc8 b6 47. Bb7 Ne6 48. Bd5 Nd4 49. g5+ Kg7 50. Kg4 Nc2 51. Kf4 Nd4 52.
a4 1/2-1/2

[Event "XII Weekend C"]
[Site "Gorgonzola ITA"]
[Date "2007.11.18"]
[Round "6"]
[White "Bianchi, Paolo"]
[Black "Epitome, Nando"]
[Result "0-1"]
[WhiteElo "1619"]
[BlackElo "1673"]
[PlyCount "52"]
[EventDate "2007.11.10"]

1. d4 d5 2. Nf3 Nf6 3. e3 e6 4. a3 Be7 5. c4 O-O 6. Nc3 a6 7. Bd3 dxc4 8. Bxc4
b5 9. Bd3 Bb7 10. O-O Nbd7 11. b4 Re8 12. Bb2 Bd6 13. Rc1 e5 14. dxe5 Nxe5 15.
Nxe5 Bxe5 16. Ba1 Qe7 17. Qe2 Rad8 18. g3 Qd7 19. Rcd1 Qc6 20. f3 Bxc3 21. Rc1
Nd5 22. Be4 Qb6 23. Bxd5 Rxe3 24. Qf2 Bxa1 25. Bxb7 Bd4 26. Rcd1 Rd3 0-1

[Event "XII Weekend C"]
[Site "Gorgonzola ITA"]
[Date "2007.11.18"]
[Round "6"]
[White "Brighenti, Alessandro"]
[Black "Menato, Nazario"]
[Result "1/2-1/2"]
[WhiteElo "1614"]
[BlackElo "1535"]
[PlyCount "95"]
[EventDate "2007.11.10"]

1. e4 Nf6 2. e5 Nd5 3. d4 d6 4. Nf3 Bg4 5. Be2 e6 6. c4 Nb6 7. O-O Be7 8. h3
Bf5 9. Nc3 O-O 10. Bd3 Bg6 11. Bf4 dxe5 12. Nxe5 Qxd4 13. Nxg6 hxg6 14. Bxc7
Nxc4 15. Be4 Qxd1 16. Raxd1 Nc6 17. Bxc6 bxc6 18. Rd7 Bf6 19. Na4 Nxb2 20. Nxb2
Bxb2 21. Rb1 Ba3 22. Rb3 Bc5 23. Rc3 Bb6 24. Rxc6 Bxc7 25. Rcxc7 a5 26. Ra7 a4
27. Kf1 Rfb8 28. Rxf7 Rb1+ 29. Ke2 Rb2+ 30. Kf3 Rxa7 31. Rxa7 Rxa2 32. Ke3 Ra1
33. Kf4 a3 34. Kg5 Ra2 35. Kxg6 Rxf2 36. Ra8+ Rf8 37. Rxa3 Rf6+ 38. Kg5 Rf5+
39. Kg4 Kf7 40. Rf3 Kf6 41. h4 Kg6 42. Rxf5 exf5+ 43. Kf4 Kh5 44. g3 g6 45. Ke5
Kg4 46. Kf6 Kxg3 47. Kxg6 Kxh4 48. Kxf5 1/2-1/2

[Event "XII Weekend C"]
[Site "Gorgonzola ITA"]
[Date "2007.11.18"]
[Round "6"]
[White "Delle Fave, Fabio"]
[Black "Riva, Carlo"]
[Result "1-0"]
[WhiteElo "1748"]
[BlackElo "1571"]
[PlyCount "123"]
[EventDate "2007.11.10"]

1. e4 c5 2. Nf3 d6 3. d4 cxd4 4. Nxd4 Nf6 5. Bd3 g6 6. c3 Bg7 7. O-O O-O 8. h3
Nc6 9. Be3 Nxd4 10. cxd4 Bd7 11. Nc3 e6 12. Qb3 b6 13. Bb5 Bxb5 14. Qxb5 Qd7
15. Qd3 d5 16. e5 Ne8 17. f4 h5 18. Rac1 Nc7 19. Rf2 Rac8 20. Bd2 Bh8 21. g4
hxg4 22. hxg4 Kg7 23. Rh2 Rg8 24. Qh3 Kf8 25. Kf2 Nb5 26. Qd3 Nxc3 27. Bxc3 a5
28. Rch1 Bg7 29. Rh7 Qa4 30. a3 Qc4 31. Ke3 Qxd3+ 32. Kxd3 Ke8 33. Kc2 Kd7 34.
Kb3 Rc4 35. Kc2 a4 36. Rb1 b5 37. b3 Rc7 38. bxa4 bxa4 39. Kd2 Rc4 40. Rb7+ Rc7
41. Rb4 Ra7 42. Rb5 Kc6 43. Rc5+ Kd7 44. Bb4 Kd8 45. Kc3 Kd7 46. Rb5 Kc6 47.
Rc5+ Kd7 48. Kd3 Ra6 49. Kc3 Ra7 50. Ra5 Rxa5 51. Bxa5 Kc6 52. Kb4 Bf8+ 53.
Kxa4 Rg7 54. Rh8 Be7 55. Bb4 Bxb4 56. axb4 Kb6 57. g5 Ka6 58. b5+ Kb6 59. Kb4
f5 60. gxf6 Rf7 61. Re8 Rb7 62. Re7 1-0

[Event "XII Weekend C"]
[Site "Gorgonzola ITA"]
[Date "2007.11.18"]
[Round "6"]
[White "Magistroni, Imerio"]
[Black "Valsecchi, Luca"]
[Result "1-0"]
[WhiteElo "1597"]
[BlackElo "1652"]
[PlyCount "65"]
[EventDate "2007.11.10"]

1. d4 d5 2. c4 c6 3. Nc3 Nf6 4. Nf3 dxc4 5. e4 b5 6. e5 Nd5 7. Be2 Bf5 8. Nh4
Bg6 9. Nxg6 hxg6 10. O-O e6 11. Nxd5 cxd5 12. b3 Qh4 13. h3 Nc6 14. Be3 Na5 15.
bxc4 dxc4 16. d5 Rd8 17. d6 Rd7 18. Qd2 Qd8 19. Qb4 a6 20. a4 Nc6 21. Qc5 Na5
22. Bd1 Nb7 23. Qc6 f6 24. f4 g5 25. axb5 gxf4 26. Bb6 Qb8 27. Bc7 Qc8 28. bxa6
Nd8 29. Qxc4 fxe5 30. a7 Bxd6 31. a8=Q Qxa8 32. Rxa8 Rxc7 33. Qxe6+ 1-0

[Event "XII Weekend C"]
[Site "Gorgonzola ITA"]
[Date "2007.11.18"]
[Round "6"]
[White "Marchesotti, Giovanni"]
[Black "Madaschi, Sergio"]
[Result "1/2-1/2"]
[WhiteElo "1668"]
[BlackElo "1632"]
[PlyCount "35"]
[EventDate "2007.11.10"]

1. Nf3 Nf6 2. g3 g6 3. Bg2 Bg7 4. O-O O-O 5. c4 c5 6. Nc3 e6 7. d4 cxd4 8. Nxd4
a6 9. e4 Qc7 10. Qe2 d6 11. Bd2 Bd7 12. Rac1 Nc6 13. Nf3 Rac8 14. Rfd1 Rfd8 15.
b3 b6 16. h3 Rb8 17. Be3 Be8 18. Rd2 1/2-1/2

[Event "XII Weekend C"]
[Site "Gorgonzola ITA"]
[Date "2007.11.18"]
[Round "6"]
[White "Nastasi, Maurizio"]
[Black "Basilico, Davide"]
[Result "0-1"]
[WhiteElo "1533"]
[BlackElo "1698"]
[PlyCount "24"]
[EventDate "2007.11.10"]

1. e4 e5 2. Nf3 Nc6 3. d4 exd4 4. Nxd4 Qf6 5. Nb5 Bc5 6. Qd2 Bb6 7. N1c3 Nge7
8. Nd5 Nxd5 9. exd5 O-O 10. dxc6 Re8+ 11. Kd1 dxc6 12. Nc3 Bg4+ 0-1

[Event "XII Weekend C"]
[Site "Gorgonzola ITA"]
[Date "2007.11.18"]
[Round "6"]
[White "Robustelli, Davide"]
[Black "Calvi, Luca"]
[Result "1-0"]
[WhiteElo "1532"]
[BlackElo "1557"]
[PlyCount "182"]
[EventDate "2007.11.10"]

1. Nf3 Nf6 2. d4 c5 3. c3 b6 4. Bf4 Bb7 5. Nbd2 d6 6. Qb3 Bd5 7. c4 Bb7 8. d5
g6 9. e4 Bg7 10. h3 Nbd7 11. Qe3 O-O 12. g4 Re8 13. Be2 Qc7 14. g5 Nh5 15. Bh2
Bxb2 16. Rb1 Bd4 17. Nxd4 cxd4 18. Qxd4 Ng7 19. Bg4 Ne5 20. Be2 e6 21. f4 Nd7
22. Nf3 exd5 23. cxd5 Nc5 24. Rc1 Nd3+ 25. Kd2 Nxc1 26. Rxc1 Qd7 27. Ng1 Qe7
28. Bd3 Rac8 29. Re1 Nf5 30. Qf2 Qc7 31. Ne2 Ne7 32. Qd4 Qd7 33. Qf6 Qa4 34.
Nc3 Qa3 35. Bg1 Qb2+ 36. Bc2 Rxc3 37. Qxc3 Qxc3+ 38. Kxc3 Rc8+ 39. Kb2 h5 40.
Bd4 Rc4 41. Bf6 Kf8 42. Re3 Bc8 43. Bb3 Rc7 44. Bc3 a5 45. Bd4 Rb7 46. Bf6 Bd7
47. Bc2 Rc7 48. Kb1 Rc8 49. Bb2 Re8 50. Rc3 Rc8 51. Re3 Re8 52. h4 Nxd5 53. Rd3
Nb4 54. Rxd6 Nxc2 55. Rxd7 Ne3 56. Be5 Ng2 57. Rd3 Nxh4 58. Rh3 Ng2 59. Rf3 Rd8
60. Bc7 Rd1+ 61. Kc2 Ne1+ 62. Kxd1 Nxf3 63. Ke2 Nd4+ 64. Kf2 b5 65. Bxa5 Ne6
66. Bd2 Ke8 67. Kg3 Nc5 68. Kf3 Kd7 69. f5 Nd3 70. Ke3 Ne5 71. Kf4 Nd3+ 72. Ke3
Ne5 73. Bc3 Kd6 74. Bb4+ Kc6 75. a3 Kd7 76. Be1 Nc4+ 77. Kf4 Nxa3 78. Ke5 Nc2
79. Bc3 b4 80. Bb2 Ne3 81. Kf4 Nc4 82. Bf6 b3 83. e5 b2 84. e6+ fxe6 85. Bxb2
exf5 86. Bf6 Ke6 87. Bh8 Na3 88. Bg7 Nc2 89. Bd4 Kd5 90. Bg7 Ne1 91. Bf6 Nd3+
1-0

[Event "XII Weekend B"]
[Site "Gorgonzola ITA"]
[Date "2007.11.10"]
[Round "1"]
[White "Agrifoglio, Fabio"]
[Black "Ragoso, Mario"]
[Result "1-0"]
[WhiteElo "1989"]
[BlackElo "1877"]
[PlyCount "56"]
[EventDate "2007.11.10"]

1. d4 Nf6 2. c4 g6 3. Nc3 Bg7 4. e4 d6 5. Nf3 O-O 6. Bg5 h6 7. Bf4 c6 8. Be2 a6
9. O-O g5 10. Be3 Nh7 11. Qb3 Nd7 12. c5 Ndf6 13. cxd6 exd6 14. Nd2 Re8 15. f4
Nxe4 16. Ncxe4 d5 17. fxg5 dxe4 18. Qxf7+ Kh8 19. gxh6 Bxd4 20. Kh1 Rf8 21.
Bxd4+ Qxd4 22. Qe7 Bd7 23. Nb3 Rxf1+ 24. Rxf1 Qxb2 25. Qxd7 Rf8 26. Nd2 e3 27.
Bd3 Ng5 28. Nc4 Qc3 1-0

[Event "XII Weekend B"]
[Site "Gorgonzola ITA"]
[Date "2007.11.10"]
[Round "1"]
[White "Altieri, Danilo Mario"]
[Black "Santelli, Francesco"]
[Result "0-1"]
[WhiteElo "1948"]
[BlackElo "1860"]
[PlyCount "58"]
[EventDate "2007.11.10"]

1. Nf3 c5 2. g3 Nf6 3. Bg2 Nc6 4. O-O d5 5. d3 e5 6. c3 h6 7. Qc2 Bd7 8. Nbd2
Bd6 9. e4 d4 10. a3 Rc8 11. c4 a5 12. Re1 Rb8 13. h3 b5 14. cxb5 Rxb5 15. Nc4
Be6 16. Nxd6+ Qxd6 17. Qa4 Qb8 18. Nd2 O-O 19. Nc4 Bxc4 20. Qxc4 Rc8 21. f4 Rb3
22. Rd1 Nh5 23. fxe5 Nxe5 24. Qd5 Nxg3 25. Bf1 Nf3+ 26. Kg2 Nh4+ 27. Kf2 Nh1+
28. Kg1 Nf3+ 29. Kg2 Qg3+ 0-1

[Event "XII Weekend B"]
[Site "Gorgonzola ITA"]
[Date "2007.11.10"]
[Round "1"]
[White "Bertazzoli, Giulio"]
[Black "Calvi, Gianluca"]
[Result "0-1"]
[WhiteElo "1809"]
[BlackElo "1901"]
[PlyCount "66"]
[EventDate "2007.11.10"]

1. d4 Nf6 2. c4 Nc6 3. Nc3 e5 4. d5 Ne7 5. Nf3 Ng6 6. a3 a5 7. Qc2 Bc5 8. Bg5
O-O 9. e3 Re8 10. Bd3 h6 11. Bxf6 Qxf6 12. Ne4 Qb6 13. Nxc5 Qxc5 14. Bxg6 fxg6
15. Qxg6 Qf8 16. O-O Ra6 17. Qc2 Rf6 18. Nd2 d6 19. c5 Qf7 20. Ne4 Rg6 21. Ng3
h5 22. f4 Rf6 23. fxe5 Rxe5 24. Rxf6 Qxf6 25. e4 Qg5 26. Rf1 h4 27. Nh1 Bh3 28.
cxd6 Qe3+ 29. Qf2 Rg5 30. g3 Qxe4 31. d7 Rxd5 32. Re1 Qg6 33. Re8+ Kh7 0-1

[Event "XII Weekend B"]
[Site "Gorgonzola ITA"]
[Date "2007.11.10"]
[Round "1"]
[White "Carbone, Lorenzo"]
[Black "Riboldi, Raffaele"]
[Result "0-1"]
[WhiteElo "1755"]
[BlackElo "1884"]
[PlyCount "80"]
[EventDate "2007.11.10"]

1. e4 e6 2. Nf3 d5 3. exd5 exd5 4. d4 Bd6 5. h3 Nc6 6. a3 Nge7 7. Bd3 Bf5 8.
O-O Qd7 9. Nc3 O-O 10. Nb5 Rae8 11. Nxd6 Qxd6 12. Be3 Bxd3 13. Qxd3 Qg6 14.
Rad1 Qxd3 15. Rxd3 Nf5 16. Re1 Re7 17. g4 Nd6 18. Nd2 Rfe8 19. f4 Nc4 20. Nf1
Nxb2 21. Rb3 Nc4 22. Kf2 Nxd4 23. Rc3 Nb5 24. Rb3 Nbxa3 25. Rc1 b6 26. Rd3 c6
27. f5 Nb5 28. Bg5 f6 29. Bf4 Re4 30. Bg3 a5 31. Nh2 a4 32. Nf3 a3 33. g5 Kf7
34. h4 a2 35. h5 Re2+ 36. Kg1 Ne3 37. g6+ hxg6 38. hxg6+ Kf8 39. Ne1 Nxc2 40.
Nxc2 Rxc2 0-1

[Event "XII Weekend B"]
[Site "Gorgonzola ITA"]
[Date "2007.11.10"]
[Round "1"]
[White "Cartella, Giovanni"]
[Black "Bisignano, Giuseppe"]
[Result "0-1"]
[WhiteElo "1868"]
[BlackElo "1980"]
[PlyCount "44"]
[EventDate "2007.11.10"]

1. d4 Nf6 2. Nf3 g6 3. Bg5 Bg7 4. e3 O-O 5. Bd3 c5 6. c3 Nc6 7. Nbd2 cxd4 8.
exd4 d5 9. Qc2 Bd7 10. h4 Rc8 11. a3 Nh5 12. Be3 f5 13. Nb3 f4 14. Bd2 e5 15.
dxe5 Nxe5 16. Nxe5 Bxe5 17. Qd1 Re8 18. Kf1 Qb6 19. Be2 Ng3+ 20. fxg3 fxg3 21.
Nd4 Bxd4 22. cxd4 Qxd4 0-1

[Event "XII Weekend B"]
[Site "Gorgonzola ITA"]
[Date "2007.11.10"]
[Round "1"]
[White "Chinnici, Giorgio"]
[Black "Olivo, Mario"]
[Result "1-0"]
[WhiteElo "1770"]
[BlackElo "1887"]
[PlyCount "51"]
[EventDate "2007.11.10"]

1. e4 c5 2. Nc3 b6 3. f4 Bb7 4. Bc4 Nf6 5. d3 e6 6. Nf3 d6 7. O-O Be7 8. Qe1
O-O 9. Qg3 d5 10. exd5 exd5 11. Bb3 d4 12. Ne2 Nc6 13. f5 Bd6 14. Bf4 Nh5 15.
Qg4 Nxf4 16. Nxf4 Bxf4 17. Qxf4 Qf6 18. Rae1 Rae8 19. g4 g6 20. Qg5 Qxg5 21.
Nxg5 Rxe1 22. Rxe1 Kg7 23. f6+ Kg8 24. Re7 Nd8 25. Nxf7 Nxf7 26. Rxb7 1-0

[Event "XII Weekend B"]
[Site "Gorgonzola ITA"]
[Date "2007.11.10"]
[Round "1"]
[White "Ciciotti, Augusto"]
[Black "Rossi, Giampiero"]
[Result "0-1"]
[WhiteElo "1877"]
[BlackElo "1991"]
[PlyCount "44"]
[EventDate "2007.11.10"]

1. d4 d5 2. c4 e6 3. Nf3 c6 4. Nc3 Nf6 5. e3 Nbd7 6. Qc2 Be7 7. Bd3 O-O 8. O-O
b6 9. b3 Bb7 10. Bb2 Rc8 11. Rac1 Qc7 12. Qe2 Qb8 13. e4 dxe4 14. Nxe4 c5 15.
dxc5 Nxe4 16. Bxe4 Bxe4 17. Qxe4 Nxc5 18. Qg4 g6 19. Rcd1 Rfd8 20. Be5 Qb7 21.
Bc3 Qe4 22. Qh3 Rxd1 0-1

[Event "XII Weekend B"]
[Site "Gorgonzola ITA"]
[Date "2007.11.10"]
[Round "1"]
[White "Crippa, Mario"]
[Black "Coladangelo, Andrea"]
[Result "0-1"]
[WhiteElo "1901"]
[BlackElo "1809"]
[PlyCount "54"]
[EventDate "2007.11.10"]

1. e4 c5 2. Nf3 d6 3. d4 cxd4 4. Nxd4 Nf6 5. Nc3 a6 6. Bg5 e6 7. f4 Be7 8. Qf3
Qc7 9. O-O-O Nbd7 10. g4 b5 11. Bxf6 Nxf6 12. g5 Nd7 13. h4 b4 14. Nce2 Bb7 15.
Ng3 d5 16. Nb3 dxe4 17. Nxe4 Rc8 18. Bd3 O-O 19. Rhg1 f5 20. gxf6 Nxf6 21. Rdf1
Nd5 22. Qg4 Rf7 23. Qxe6 Nxf4 24. Rxf4 Qxf4+ 25. Nbd2 Qxh4 26. Rf1 Rcf8 27.
Rxf7 Qe1# 0-1

[Event "XII Weekend B"]
[Site "Gorgonzola ITA"]
[Date "2007.11.10"]
[Round "1"]
[White "Delledonne, Francesco"]
[Black "Arboscelli, Gregorio"]
[Result "0-1"]
[WhiteElo "1837"]
[BlackElo "1913"]
[PlyCount "68"]
[EventDate "2007.11.10"]

1. Nf3 Nf6 2. c4 d6 3. d4 g6 4. Nc3 Bg7 5. e4 O-O 6. Be2 e5 7. d5 Nbd7 8. Bg5
h6 9. Bh4 a5 10. O-O Nc5 11. Nd2 g5 12. Bg3 Nh7 13. b3 f5 14. f3 Nf6 15. a3 Nh5
16. Bf2 Nf4 17. Qc2 Qe8 18. b4 axb4 19. axb4 Rxa1 20. Rxa1 Na6 21. Qa4 Qg6 22.
Kh1 g4 23. Bh4 Nxg2 24. Bg3 Nf4 25. Rg1 h5 26. Qa5 fxe4 27. fxe4 Qg5 28. Bf1
Nh3 29. Bxh3 Qxd2 30. Be1 Qe3 31. Bg2 h4 32. b5 h3 33. bxa6 hxg2+ 34. Rxg2
Qxe1+ 0-1